000 00518nam a2200205 4500
003 LK-CoMWRAF
005 20230901045036.0
008 230901b2008 |||||||| |||| 00| 0 eng d
020 _a9558328006
040 _aLK-CoMWRAF
_dLK-CoMWRAF
_eLK-CoMWRAF
041 _aeng
082 _a150
_bSAM
100 _aSamarasinghe, Diyanath
245 _aMatters of life and death :
_bFour essays
250 _a3rd edition
260 _aWattala :
_bKare house,
_c2008
300 _a102p
650 _aPsychology
942 _cBK
999 _c3349
_d3349